An introduction to community development. / (Record no. 3076)
[ view plain ]
| 000 -LEADER | |
|---|---|
| fixed length control field | 01762nam a22001697a 4500 |
| 008 - FIXED-LENGTH DATA ELEMENTS--GENERAL INFORMATION | |
| fixed length control field | 140625b xxu||||| |||| 00| 0 eng d |
| 020 ## - INTERNATIONAL STANDARD BOOK NUMBER | |
| International Standard Book Number | 9780415773850 |
| 050 ## - LIBRARY OF CONGRESS CALL NUMBER | |
| Classification number | HN49.C6.I554 |
| 100 ## - MAIN ENTRY--PERSONAL NAME | |
| Personal name | edited by Phillips Rhonda |
| 245 ## - TITLE STATEMENT | |
| Title | An introduction to community development. / |
| Statement of responsibility, etc. | Rhonda Phillips |
| 260 ## - PUBLICATION, DISTRIBUTION, ETC. | |
| Place of publication, distribution, etc. | London: |
| Name of publisher, distributor, etc. | Routledge, |
| Date of publication, distribution, etc. | 2009. |
| 300 ## - PHYSICAL DESCRIPTION | |
| Extent | xxi,363p.: |
| Other physical details | ill.; |
| Dimensions | 24cm. |
| 500 ## - GENERAL NOTE | |
| General note | Includes index. |
| 505 ## - FORMATTED CONTENTS NOTE | |
| Formatted contents note | Contents: Foundations: A frame work for community and economic development -- Seven theories for seven community developers -- Asset-based community development -- Social capital and community building -- Community development practice -- Preparation and planning: Community visioning and strategic planning -- Etsablishing community-based organizations -- Developing community leadership skills -- Community development assessments -- Community asset mapping and surveys -- Assessing your local economy: industry composition and economic impact analysis -- Programming techniques and strategies: Workforce training for the twenty-first century -- Marketing the community -- Retaining and expanding existing businesses in the community -- Entrepreneurship as a community development strategy -- Tourism-based development -- Housing and community planning -- Neighborhood planning for community development and renewal -- Measuring progress: Community indicators, best practices and benchmarking -- Issues impacting community development: Community development finance -- Securing grants for community development projects -- The glabal economy and community development -- Sustainability in community development -- Conclusions and observations on the future of community development. |
| 700 ## - ADDED ENTRY--PERSONAL NAME | |
| Personal name | Pittman, Robert H. |
| 942 ## - ADDED ENTRY ELEMENTS (KOHA) | |
| Source of classification or shelving scheme | Library of Congress Classification |
| Koha item type | Books |
| Withdrawn status | Lost status | Source of classification or shelving scheme | Damaged status | Not for loan | Home library | Current library | Shelving location | Date acquired | Total Checkouts | Full call number | Barcode | Date last seen | Copy number | Price effective from | Koha item type |
|---|---|---|---|---|---|---|---|---|---|---|---|---|---|---|---|
| Library of Congress Classification | WISCONSIN INTERNATIONAL UNIVERSITY COLLEGE, GHANA - MAIN LIBRARY | WISCONSIN INTERNATIONAL UNIVERSITY COLLEGE, GHANA - MAIN LIBRARY | Reference | 25/06/2014 | HN49.C6.I554 | 7463/491/13 | 25/06/2014 | 1 | 25/06/2014 | Books |
